Country Flags #1 (Easy) - Statistics

General Stats
  • This quiz has been taken 1,047 times
    1,028 since last reset
  • The average score is 19 of 25
Answer Stats
Picture Answer % Correct
China
99%
Japan
99%
United States
98%
United Kingdom
92%
Canada
89%
Australia
88%
Brazil
88%
Germany
88%
South Korea
87%
Russia
85%
Ukraine
85%
Greece
83%
Mexico
83%
Sweden
82%
Jamaica
79%
New Zealand
76%
Chile
68%
Cuba
64%
Peru
59%
Ghana
58%
Philippines
56%
Panama
54%
Costa Rica
50%
Bahamas
45%
Madagascar
42%
No matching quizzes found
Score Distribution
Percent of People with Each Score
Percentile by Number Answered
Your Score History
You have not taken this quiz since the last reset